| 000 | 00335nam a2200109 4500 | ||
|---|---|---|---|
| 999 |
_c507520 _d507520 |
||
| 082 | _aR064x54 In2/.1990 | ||
| 100 |
_aIndia. Ministry of Labour. Labour Bureau _91875 |
||
| 245 |
_aIndian labour year book 1990 _cby Labour Bureau. Ministry of Labour. |
||
| 260 |
_aChandigarh _bGovernment of India _c1990 |
||
| 300 | _a283p. | ||
| 942 | _2ddc | ||